000 00471nam a22001817a 4500
005 20251108164018.0
008 250721s1998 xx 000 0 ara d
082 1 4 _a613.2/كزب
100 1 _aالكزبري، عبد الملك
245 1 0 _aغذاء المرضى /
264 1 _aدمشق :
_bدار المكتبي،
_c1998.
300 _a431ص
650 1 7 _aالتغذية
650 1 7 _aالصحة
650 1 7 _aالأمراض
942 _2ddc
_cBK
999 _c1410
_d1410